[Event "Titled Tuesday intern op 07th May Late"]
[Site "Chess.com INT"]
[Date "2024.05.07"]
[Round "10"]
[White "Papp, Gabor"]
[Black "Maksimovic, Bojan"]
[Result "1/2-1/2"]
[WhiteElo "2553"]
[BlackElo "2485"]
[PlyCount "228"]
[EventDate "2024.05.07"]
[EventType "swiss (blitz)"]
[EventRounds "11"]
[EventCountry "USA"]
[SourceTitle "EXT 2025"]
[Source "ChessBase"]
[SourceDate "2024.10.14"]
[SourceVersion "1"]
[SourceVersionDate "2024.10.14"]
[SourceQuality "1"]

1. g3 g6 2. Bg2 Bg7 3. Nf3 d6 4. 0-0 Bd7 5. d4 Qc8 6. c4 Bh3 7. Nc3 h5 8. e4 Nc6 9. Bxh3 Qxh3 10. Ng5 Qd7 11. d5 Ne5 12. Qe2 h4 13. f4 Ng4 14. Ne6 fxe6 15. Qxg4 exd5 16. Qxg6+ Kf8 17. Nxd5 hxg3 18. f5 Bd4+ 19. Be3 Bxe3+ 20. Nxe3 gxh2+ 21. Kh1 Qe8 22. Nd5 Qxg6 23. fxg6+ Kg7 24. Nxc7 Rc8 25. Ne6+ Kxg6 26. b3 Nf6 27. Rae1 Ng4 28. Nf4+ Kh6 29. Nd5 Rcf8 30. Nxe7 Rxf1+ 31. Rxf1 Re8 32. Nf5+ Kg5 33. Ng3 Kh4 34. Nf5+ Kg5 35. Nxd6 Re6 36. c5 b6 37. Rf5+ Kh4 38. Rf3 bxc5 39. Nf5+ Kg5 40. Ng3 Rd6 41. Kg2 Rd2+ 42. Kh3 Nf2+ 43. Kxh2 Nxe4+ 44. Kh3 Nf2+ 45. Kg2 Nd3+ 46. Kf1 Kg4 47. Ne4 Rd1+ 48. Ke2 Re1+ 49. Kxd3 Kxf3 50. Nxc5 Rd1+ 51. Kc4 Ke3 52. a4 Rc1+ 53. Kb5 Kd4 54. b4 Kd5 55. a5 Rh1 56. Ka6 Kc4 57. Nb7 Kxb4 58. Kxa7 Kb5 59. a6 Rh6 60. Kb8 Kb6 61. Nd8 Rh7 62. Kc8 Rc7+ 63. Kb8 Re7 64. Kc8 Kxa6 65. Kb8 Kb6 66. Kc8 Rc7+ 67. Kb8 Rc1 68. Nb7 Kc6 69. Nd8+ Kd6 70. Nb7+ Kc6 71. Nd8+ Kb6 72. Ne6 Re1 73. Nd8 Re7 74. Kc8 Kc5 75. Nb7+ Kc6 76. Nd8+ Kd5 77. Nb7 Rh7 78. Nd8 Kc5 79. Nb7+ Kb6 80. Nd8 Rh6 81. Kd7 Kc5 82. Ne6+ Kd5 83. Nc7+ Ke5 84. Nb5 Rb6 85. Nc7 Rb7 86. Kc8 Ra7 87. Kd7 Kf6 88. Kc6 Ra1 89. Kd7 Ke5 90. Kc6 Rc1+ 91. Kd7 Rc2 92. Ne8 Rd2+ 93. Ke7 Rd5 94. Nf6 Ra5 95. Nd7+ Kf5 96. Kd6 Kg6 97. Ne5+ Kg7 98. Nd7 Ra7 99. Nc5 Kf7 100. Ne4 Re7 101. Kd5 Ke8 102. Nd6+ Kd7 103. Ne4 Rg7 104. Nc5+ Ke7 105. Ne4 Rg4 106. Ke5 Rg1 107. Kf5 Re1 108. Ke5 Kf7 109. Kf5 Re2 110. Ke5 Kg6 111. Kd4 Re1 112. Nc3 Kf5 113. Kd5 Rc1 114. Ne2 Rd1+ 1/2-1/2

[Event "Titled Tuesday intern op 07th May Late"]
[Site "Chess.com INT"]
[Date "2024.05.07"]
[Round "1"]
[White "Papp, Gabor"]
[Black "Novikova, Margarita"]
[Result "1-0"]
[WhiteElo "2553"]
[BlackElo "1999"]
[PlyCount "87"]
[EventDate "2024.05.07"]
[EventType "swiss (blitz)"]
[EventRounds "11"]
[EventCountry "USA"]
[SourceTitle "EXT 2025"]
[Source "ChessBase"]
[SourceDate "2024.10.14"]
[SourceVersion "1"]
[SourceVersionDate "2024.10.14"]
[SourceQuality "1"]

1. g3 Nf6 2. Bg2 g6 3. b3 Bg7 4. Bb2 0-0 5. c4 c5 6. Nc3 Nc6 7. e3 d6 8. Nge2 e5 9. 0-0 Bg4 10. h3 Be6 11. Nd5 Rb8 12. Kh2 Ne7 13. e4 Nc6 14. d3 Bxd5 15. cxd5 Nd4 16. Nxd4 cxd4 17. Rc1 Rc8 18. Qd2 Qd7 19. Ba3 Rfd8 20. Rxc8 Qxc8 21. Rc1 Qd7 22. Bf3 Ne8 23. Rc2 Rc8 24. Qc1 Rxc2 25. Qxc2 Bf8 26. Bg4 Qc7 27. Qd2 h5 28. Bd1 b5 29. Bb4 Kh7 30. a4 a6 31. Ba5 Qc8 32. axb5 axb5 33. Bf3 Qa6 34. b4 Qc8 35. Qg5 f6 36. Qd2 Bh6 37. Qd1 Qc3 38. h4 Bf8 39. g4 hxg4 40. Bxg4 Bh6 41. h5 gxh5 42. Bf5+ Kh8 43. Qxh5 Qd2 44. Qxe8+ 1-0

[Event "Titled Tuesday intern op 07th May Late"]
[Site "Chess.com INT"]
[Date "2024.05.07"]
[Round "8"]
[White "Papp, Gabor"]
[Black "Petriashvili, Nikoloz"]
[Result "0-1"]
[WhiteElo "2553"]
[BlackElo "2475"]
[PlyCount "42"]
[EventDate "2024.05.07"]
[EventType "swiss (blitz)"]
[EventRounds "11"]
[EventCountry "USA"]
[SourceTitle "EXT 2025"]
[Source "ChessBase"]
[SourceDate "2024.10.14"]
[SourceVersion "1"]
[SourceVersionDate "2024.10.14"]
[SourceQuality "1"]

1. g3 Nf6 2. Bg2 d5 3. c4 c6 4. Nf3 g6 5. 0-0 Bg7 6. d3 0-0 7. Nbd2 Bf5 8. b3 Ne4 9. dxe4 dxe4 10. Nh4 Bxa1 11. Nxf5 gxf5 12. e3 Nd7 13. Qh5 e6 14. Ba3 Bg7 15. Bxf8 Qxf8 16. Rd1 Rd8 17. Qg5 Ne5 18. Qh5 Qd6 19. h4 Qd3 20. Kh2 h6 21. Bf1 Qc2 0-1

[Event "Titled Tuesday intern op 07th May Late"]
[Site "Chess.com INT"]
[Date "2024.05.07"]
[Round "11"]
[White "Pepino, Enrico"]
[Black "Papp, Gabor"]
[Result "1-0"]
[WhiteElo "2042"]
[BlackElo "2553"]
[PlyCount "65"]
[EventDate "2024.05.07"]
[EventType "swiss (blitz)"]
[EventRounds "11"]
[EventCountry "USA"]
[SourceTitle "EXT 2025"]
[Source "ChessBase"]
[SourceDate "2024.10.14"]
[SourceVersion "1"]
[SourceVersionDate "2024.10.14"]
[SourceQuality "1"]

1. e4 g6 2. d4 Bg7 3. Nc3 d6 4. f4 e6 5. Nf3 Ne7 6. Be3 d5 7. e5 b6 8. Qd2 Ba6 9. Bxa6 Nxa6 10. 0-0-0 c5 11. g4 c4 12. Nb5 Nc8 13. f5 Qd7 14. a4 Nc7 15. Nxc7+ Qxc7 16. fxe6 fxe6 17. Ng5 Qd7 18. Rdf1 h6 19. Nf7 Rf8 20. Nxh6 Qxa4 21. Rxf8+ Bxf8 22. Kb1 Ne7 23. Rf1 0-0-0 24. Nf7 Nc6 25. c3 Re8 26. Bh6 Bxh6 27. Nd6+ Kb8 28. Qxh6 Rd8 29. Qg7 Na5 30. Qe7 Qd7 31. Qxd7 Rxd7 32. Rf8+ Kc7 33. Rc8# 1-0

[Event "Karlsruhe Grenke op"]
[Site "Karlsruhe"]
[Date "2024.03.31"]
[Round "7"]
[White "Yelisieiev, Yevhenii"]
[Black "Papp, Gabor"]
[Result "0-1"]
[WhiteElo "2411"]
[BlackElo "2558"]
[PlyCount "132"]
[EventDate "2024.03.28"]
[EventType "swiss"]
[EventRounds "9"]
[EventCountry "GER"]
[SourceTitle "CBM 219 Extra"]
[Source "ChessBase"]
[SourceDate "2024.05.31"]
[SourceVersion "1"]
[SourceVersionDate "2024.05.31"]
[SourceQuality "1"]

1. d4 Nf6 2. Nf3 e6 3. c4 d5 4. Nc3 dxc4 5. e4 b5 6. e5 Nd5 7. Nxb5 Nb6 8. Be2 Nc6 9. 0-0 Be7 10. Be3 0-0 11. Nc3 Rb8 12. Ne4 Bb7 13. Ned2 Na5 14. Qc2 Qd5 15. Rac1 Rfc8 16. Rfd1 h6 17. Ne1 Bb4 18. Bf3 Qd8 19. Bxb7 Rxb7 20. Qe4 Nd5 21. a3 Bf8 22. Nxc4 Nxc4 23. Rxc4 Rxb2 24. Bc1 Rb3 25. Qc2 Rcb8 26. a4 R3b4 27. Rxb4 Nxb4 28. Qc4 Qd7 29. Qb3 Rb6 30. Be3 Nd5 31. Qc2 Rc6 32. Qd3 Rc3 33. Qa6 Nxe3 34. fxe3 Rxe3 35. Qxa7 Ra3 36. a5 Qa4 37. Rc1 c5 38. Nf3 Qxa5 39. Qxa5 Rxa5 40. dxc5 Bxc5+ 41. Kf1 g5 42. h3 Kg7 43. Ke2 Ra2+ 44. Kd3 Ba7 45. Rc2 Ra3+ 46. Rc3 Ra1 47. Rc8 Bf2 48. Rc2 Bg3 49. Re2 Ra5 50. Re3 Kg6 51. Re2 Rd5+ 52. Kc3 h5 53. Re4 Kf5 54. Ra4 Bxe5+ 55. Kc2 g4 56. hxg4+ hxg4 57. Ne1 Bg3 58. Nd3 e5 59. Ra1 Kg5 60. Ra6 Bf4 61. Kc3 e4 62. Nb4 Rd1 63. Ra5+ f5 64. Nd5 e3 65. g3 Be5+ 66. Kc2 e2 0-1

[Event "Bundesliga 2324"]
[Site "Germany"]
[Date "2024.02.24"]
[Round "10.7"]
[White "Neef, Maximilian"]
[Black "Papp, Gabor"]
[Result "0-1"]
[WhiteElo "2480"]
[BlackElo "2530"]
[PlyCount "97"]
[EventDate "2023.10.21"]
[EventType "team-tourn"]
[EventRounds "15"]
[EventCountry "GER"]
[SourceTitle "CBM 218 Extra"]
[Source "ChessBase"]
[SourceDate "2024.03.31"]
[SourceVersion "1"]
[SourceVersionDate "2024.03.31"]
[SourceQuality "1"]
[WhiteTeam "Dresden TU"]
[BlackTeam "Hamburger SK"]
[WhiteTeamCountry "GER"]
[BlackTeamCountry "GER"]

1. Nf3 Nf6 2. d4 b6 3. g3 Bb7 4. c4 g6 5. Bg2 Bg7 6. 0-0 0-0 7. Bf4 d6 8. Qc2 c5 9. d5 b5 10. e4 bxc4 11. Nbd2 a5 12. Nxc4 Ba6 13. Nfd2 Nbd7 14. Rfe1 Ng4 15. Rab1 Bd4 16. Re2 Nb6 17. b3 Rb8 18. h3 Nxc4 19. Nxc4 Ne5 20. Ree1 Bxc4 21. bxc4 Rb4 22. Bxe5 dxe5 23. a3 Rxb1 24. Rxb1 f5 25. exf5 Rxf5 26. Rf1 Rf6 27. Be4 Qf8 28. Qe2 a4 29. Kg2 Rb6 30. Bc2 Rb2 31. h4 Kg7 32. Qd3 Qf5 33. Qxf5 gxf5 34. Bxa4 e4 35. Bd7 Kf6 36. g4 f4 37. g5+ Ke5 38. h5 e3 39. Kf3 exf2 40. Rh1 Rb3+ 41. Ke2 Ke4 42. Rd1 Rxa3 43. g6 hxg6 44. hxg6 Re3+ 45. Kf1 Rg3 46. Ke2 Rxg6 47. Bh3 Rg1 48. Bf1 f3+ 49. Kd2 0-1

[Event "AUT-chT 2324"]
[Site "Austria"]
[Date "2023.11.24"]
[Round "4.4"]
[White "Nisipeanu, Liviu Dieter"]
[Black "Papp, Gabor"]
[Result "1-0"]
[WhiteElo "2591"]
[BlackElo "2538"]
[PlyCount "109"]
[EventDate "2023.11.22"]
[EventType "team-tourn"]
[EventRounds "11"]
[EventCountry "AUT"]
[SourceTitle "CBM 217 Extra"]
[Source "ChessBase"]
[SourceDate "2024.01.31"]
[SourceVersion "1"]
[SourceVersionDate "2024.01.31"]
[SourceQuality "1"]
[WhiteTeam "Jenbach"]
[BlackTeam "Ottakring"]
[WhiteTeamCountry "AUT"]
[BlackTeamCountry "AUT"]

1. e4 c5 2. Nc3 g6 3. g3 Bg7 4. Bg2 Nc6 5. d3 e6 6. Be3 d6 7. Qd2 Nge7 8. Bh6 Bxh6 9. Qxh6 Nd4 10. 0-0-0 Ng8 11. Qe3 Ne7 12. f4 Nec6 13. Nf3 Qa5 14. Kb1 Bd7 15. Rd2 0-0-0 16. Ne2 e5 17. Nc1 f6 18. c3 Nxf3 19. Bxf3 Be6 20. Rf1 Kb8 21. Bd1 Qc7 22. fxe5 fxe5 23. Bb3 Bxb3 24. Nxb3 Rdf8 25. Rdf2 Qg7 26. Nd2 Kc7 27. Rf3 Nd8 28. Qf2 Rxf3 29. Qxf3 Re8 30. Nc4 Re7 31. Ne3 Rf7 32. Qd1 Rxf1 33. Nd5+ Kb8 34. Qxf1 Qf7 35. Qxf7 Nxf7 36. Kc2 b5 37. Kd2 Kb7 38. Nf6 h6 39. Nd5 Ng5 40. Ke3 Ne6 41. Ne7 Nf8 42. g4 Kc7 43. Ng8 h5 44. gxh5 gxh5 45. Nf6 h4 46. Kf3 Ne6 47. Kg4 Kd8 48. Nd5 c4 49. dxc4 bxc4 50. Ne3 Nc5 51. Kf3 Kd7 52. Nxc4 Ke6 53. Ne3 h3 54. b4 Nd3 55. a4 1-0

[Event "HUN-chT 2324"]
[Site "Hungary"]
[Date "2023.10.28"]
[Round "1.1"]
[White "Eljanov, Pavel"]
[Black "Papp, Gabor"]
[Result "1/2-1/2"]
[WhiteElo "2695"]
[BlackElo "2530"]
[PlyCount "81"]
[EventDate "2023.10.28"]
[EventType "team-tourn"]
[EventRounds "9"]
[EventCountry "HUN"]
[SourceTitle "CBM 216 Extra"]
[Source "ChessBase"]
[SourceDate "2023.11.30"]
[SourceVersion "1"]
[SourceVersionDate "2023.11.30"]
[SourceQuality "1"]
[WhiteTeam "Tungsram ANSK"]
[BlackTeam "Paks"]
[WhiteTeamCountry "HUN"]
[BlackTeamCountry "HUN"]

1. Nf3 Nf6 2. g3 d5 3. Bg2 e6 4. 0-0 Be7 5. c4 0-0 6. d3 b6 7. Nc3 Bb7 8. Bf4 Nbd7 9. Qc2 c5 10. e4 d4 11. Ne2 Nh5 12. Bd2 e5 13. g4 Nhf6 14. h3 Ne8 15. Nh2 Bd6 16. f4 exf4 17. Nxf4 Qb8 18. Rf2 Ne5 19. Nf1 Ng6 20. Nh5 Be5 21. b4 Qd6 22. Rb1 Bc6 23. Be1 Nc7 24. Nd2 Nf4 25. Nf3 Nxh5 26. Nxe5 Qxe5 27. gxh5 f5 28. Rxf5 Rxf5 29. exf5 Bxg2 30. Qxg2 Qe3+ 31. Kh2 Re8 32. Bf2 Qxd3 33. f6 g6 34. hxg6 hxg6 35. Rg1 Re2 36. bxc5 bxc5 37. Qxg6+ Qxg6 38. Rxg6+ Kf7 39. Rg7+ Kxf6 40. Rxc7 Rxf2+ 41. Kg3 1/2-1/2

[Event "HUN-ch Rapid"]
[Site "Ajka"]
[Date "2023.07.23"]
[Round "12"]
[White "Csonka, Balazs"]
[Black "Papp, Gabor"]
[Result "1-0"]
[WhiteElo "2497"]
[BlackElo "2558"]
[PlyCount "67"]
[EventDate "2023.07.21"]
[EventType "swiss (rapid)"]
[EventRounds "13"]
[EventCountry "HUN"]
[SourceTitle "CBM 217 Extra"]
[Source "ChessBase"]
[SourceDate "2024.01.31"]
[SourceVersion "1"]
[SourceVersionDate "2024.01.31"]
[SourceQuality "1"]

1. e4 g6 2. d4 Bg7 3. Nc3 a6 4. f4 b5 5. Nf3 Bb7 6. Bd3 e6 7. h4 Ne7 8. h5 b4 9. Ne2 d5 10. e5 Nd7 11. Be3 a5 12. g4 Ba6 13. Ng3 Bxd3 14. Qxd3 c5 15. c3 bxc3 16. bxc3 cxd4 17. cxd4 Qb6 18. f5 gxf5 19. gxf5 Nxf5 20. Nxf5 exf5 21. Rb1 Qc6 22. Rc1 Qa6 23. Qxf5 Qe6 24. Qxe6+ fxe6 25. h6 Bf8 26. Ng5 Bb4+ 27. Ke2 Nf8 28. Rc7 Be7 29. Rb1 Rg8 30. Nxh7 Nxh7 31. Rbb7 Bb4 32. Rxh7 Rc8 33. Rhg7 Rf8 34. h7 1-0